Plant cytogenetics: Genome structure and chromosome function (Record no. 1238166)

MARC details
000 -LEADER
fixed length control field 00741nam a2200241Ia 4500
005 - DATE AND TIME OF LATEST TRANSACTION
control field 20250117110408.0
008 - FIXED-LENGTH DATA ELEMENTS--GENERAL INFORMATION
fixed length control field 008 250114s9999 xx 000 0 eng d
020 ## - INTERNATIONAL STANDARD BOOK NUMBER
International Standard Book Number 9781489986795
037 ## - SOURCE OF ACQUISITION
Stock number Textual
040 ## - CATALOGING SOURCE
Original cataloging agency CSL
Language of cataloging eng
Transcribing agency CSL
041 ## - LANGUAGE CODE
Language code of text/sound track or separate title eng
Source of code eng
084 ## - COLON CLASSIFICATION NUMBER
Classification number I 11.6 Q2;2 Carb
Assigning agency CSL
245 #0 - TITLE STATEMENT
Title Plant cytogenetics: Genome structure and chromosome function
Statement of responsibility, etc. Bass, Hank W (Ed.); Birchler, James A (Ed.)
260 ## - PUBLICATION, DISTRIBUTION, ETC.
Place of publication, distribution, etc. Dordrecht
Name of publisher, distributor, etc. Springer
Date of publication, distribution, etc. 2012
300 ## - PHYSICAL DESCRIPTION
Extent x, 345p. ill.
490 ## - SERIES STATEMENT
Volume/sequential designation Vol.9
650 ## - SUBJECT ADDED ENTRY--TOPICAL TERM
Topical term or geographic name entry element Plant telmeres
9 (RLIN) 734692
650 ## - SUBJECT ADDED ENTRY--TOPICAL TERM
Topical term or geographic name entry element Botany
700 ## - ADDED ENTRY--PERSONAL NAME
Personal name Birchler, James A (Ed.)
700 ## - ADDED ENTRY--PERSONAL NAME
Personal name Bass, Hank W (Ed.)
942 ## - ADDED ENTRY ELEMENTS (KOHA)
Koha item type Textual
Classification part I 11.6 Q2;2 Carb
Holdings
Withdrawn status Lost status Source of classification or shelving scheme Damaged status Not for loan Home library Current library Shelving location Date acquired Source of acquisition Inventory number Total Checkouts Full call number Barcode Date last seen Price effective from Koha item type
    Colon Classification (CC)     Central Science Library Department of Botany Library   2025-01-17 The Book Seller 00073, 16/02/2023   I 11.6 Q2;2 Carb BD0006167 2025-01-17 2025-01-17 Textual
Copyright @ Delhi University Library System